[Event "Sao Paulo Freitas op 2nd"]
[Site "Sao Paulo"]
[Date "2016.04.16"]
[Round "4"]
[White "Mekhitarian, Krikor Sevag"]
[Black "Carneiro, Vitor Roberto Castr"]
[Result "1-0"]
[WhiteElo "2570"]
[BlackElo "2401"]
[Annotator "Mekhitarian,K"]
[PlyCount "87"]
[EventDate "2016.04.15"]
[EventType "swiss"]
[EventRounds "6"]
[EventCountry "BRA"]
[SourceTitle "CBM 172"]
[Source "ChessBase"]
[SourceDate "2016.05.12"]
[SourceVersion "1"]
[SourceVersionDate "2016.05.12"]
[SourceQuality "1"]

1. e4 c6 2. d4 d5 3. e5 Bf5 4. h4 h5 5. Bd3 {A very fashionable line, where
Black has been experiencing some trouble.} Bxd3 6. Qxd3 e6 7. Bg5 Qa5+ (7...
Qb6 8. Nd2 {and now Black has tried many moves recently. For example, the more
challenging 8...c5, 8...Ne7, or 8...Qa6, transposing to the game.}) 8. Nd2 Qa6
9. c4 Bb4 10. b3 c5 11. Ngf3 {Here I was almost sure we were following a
recent game - Motylev x Khotenashvili} Nc6 12. O-O {actually Motylev played 12.
dxc5 right away, which is probably more precise.} (12. dxc5 dxc4 13. bxc4 Nge7
14. O-O Rd8 15. Qe2 Bxc5 16. Ne4 b6 17. Nxc5 (17. Rfd1 $5 $16) 17... bxc5 18.
Nd2 $6 Nd4 19. Qd1 Ndf5 $13 {1/2-1/2 (53) Fedorov,A (2556)-Novitzkij,D (2319)
Minsk 2015}) 12... Nge7 (12... cxd4 $1 13. Nxd4 Nge7 14. Nb5 {during the game
I thought this could be annoying, but Black is just fine after} Rc8 $13) 13.
dxc5 Bxc5 (13... Ng6 {happened in the game I mentioned, White achieved a great
position soon:} 14. Qe3 $1 d4 15. Qe2 Bxc5 16. a3 Be7 17. Bxe7 Ncxe7 18. g3 $5
(18. Nxd4 $1 Nxh4 19. Ne4 Nhf5 20. Rfd1 $18 {and Black is in deep trouble
because of his unsafe king}) 18... Nf5 19. b4 Rd8 20. Nb3 Qa4 21. Qd3 O-O 22.
Rfe1 Qd7 23. Rad1 $16 {1-0 (33) Motylev,A (2665)-Khotenashvili,B (2526) Caleta
2015; with a big advantage.}) 14. a3 dxc4 (14... Ng6 {but this Nepomniachtchi
- Motyev game was one I did not remember! I was analysing 14...Ng6 a lot
during the game} 15. b4 $1 Ncxe5 (15... Ngxe5 $4 16. Qb1 $18 {followed by the
fork on b5}) 16. Nxe5 Nxe5 17. Qc3 $1 Bd6 (17... d4 18. Qg3 Bd6 {and here both
19.Bf4 or 19.b5 are very promising for White, as pointed out by Sumets in his
analysis in the Mega Database.} 19. Bf4 $5 $44 (19. b5 $5 $44)) 18. f4 $6 (18.
cxd5 $1 {Nepomniachtchi,I (2735)-Motylev,A (2687) Poikovsky Karpov 15th 2014 
(5) 0-1 extensive analysed by Sumets in the same game:}) 18... Nxc4 $5 {
with a very complicated position, Motylev went on to win the game in 37 moves.}
(18... f6 $13 {was also interesting})) 15. Nxc4 Rd8 16. Qe2 (16. Qe4 $5 {
could have been better, I wasn't sure during the game, because I felt 16...b5
would be good for him} b5 17. Nb2 $1 {and there is a threat of Nd3 followed by
Rfc1, creating some pressure on the queenside. Also, Black can not castle
right away (something I did not realise)} O-O 18. Nd3 Bb6 19. Nb4 $1 Nxb4 20.
axb4 $18 {winning the e7-knight.}) 16... Na5 ({Now if} 16... b5 17. Ncd2 $1 {
followed by Ne4 would be the best. I thought about this, but felt 17...Nd4 was
annoying here} (17. Nd6+ $2 {was my idea} Bxd6 18. exd6 Rxd6 19. a4 $1 {
I didn't realise he still had ...Rd5 here holding the position} Rd5 $11 {
and Black is simply doing fine after O-O in the next move}) 17... Nd4 18. Nxd4
Bxd4 19. Rad1 $18 {a complete misevaluation, White is already winning because
Black lacks coordination and can't hide his king anywhere.}) 17. Nfd2 Rd5 {
My opponent wasn't aware of the games in this line, meaning he already was
approaching time trouble by now. But I took a lot of time to find how to
create something here, I felt Black wasn't doing badly at all.} 18. Rac1 $6 {
I thought adding more pieces could do me some good, but Black stands fine with
a couple of precise moves.} (18. b4 $1 Nxc4 (18... Rxd2 $6 19. Bxd2 Qxc4 20.
Rae1 $1 {I was happy to see this one, now White stays an exchange up} Qxe2 21.
Rxe2 $16) 19. Nxc4 b5 {this wasn't clear to me, and is, in fact, the best
defence for Black} 20. Na5 Nf5 21. Rfd1 Rxd1+ 22. Rxd1 Bb6 {White has the
initiative, but has to be precise} 23. a4 $1 Nd4 24. Qf1 O-O 25. Be3 $16 {
White gets the b5-pawn and maintains a good advantage.}) 18... Nf5 19. Rfd1 (
19. b4 {wouldn't get anywhere} Nxc4 20. Nxc4 Bd4 $1 $13) (19. Nd6+ $5 Rxd6 20.
Qxa6 Rxa6 21. Rxc5 Nc6 (21... O-O $4 {loses right away} 22. b4 Nc6 23. b5 Ra5
24. Nc4 $18) 22. b4 Ra4 23. b5 Nce7 24. Rc7 Ng6 25. Rxb7 O-O 26. Nf3 Rxa3 27.
Rc1 $14 {White retains the initiative, but it is not much, Black is solid and
doesn't have clear weaknesses (a7 is not a problem for now)}) 19... Nd4 $2 (
19... O-O $1 {was a great chance for Black, solving all of his problems at
once. If I take on h5, he gets the initiative in the queenside} 20. Qxh5 (20.
b4 Nxc4 21. Nxc4 Bd4 $132 {once again threatening b5}) 20... b5 $132 {and
Black has strong counterplay. White has suddenly lost coordination and could
be under pressure soon.}) 20. Qe4 $1 {'Defending' b3.} Nac6 (20... Ndxb3 $2 21.
Nxb3 Nxb3 22. Nd6+ $1 {I didn't see this during the game, I was happy with 22.
Rxd5} (22. Rxd5 $5 {was my idea. It is not bad, but 22.Nd6+ forces instant
resignation} exd5 23. Qxd5 O-O 24. Rb1 Na5 25. Nd6 {I saw until here and felt
Black was in deep trouble (c5 is hanging, and Be7 is threatened)} Qc6 {I
missed this one, but White is still better} 26. Qd2 f6 (26... b6 27. Bf6 $1 {
with a devastating attack. For example:} Qd7 {(to stop 28.Qg5 with ...Qg4)} 28.
Bxg7 $1 Kxg7 29. Qg5+ Kh7 30. Nf5 f6 31. Qxh5+ Kg8 32. exf6 Qh7 33. Qg5+ Kh8
34. Qg7+ Qxg7 35. fxg7+ Kg8 36. gxf8=Q+ $18) 27. Qa2+ Kh7 28. Rc1 $1 fxg5 29.
Qc2+ Kg8 30. Qxc5 $18 {and the e-pawn decides the game.}) 22... Bxd6 (22...
Rxd6 23. Rxd6 Bxd6 24. Rc8+ Kd7 25. Rxh8 $18) 23. Rxd5 Nxc1 24. Rxd6 $18) (
20... Nxc4 21. Nxc4 O-O 22. b4 Bb6 23. Kh2 $1 $16 {so Black doesn't have ...
Ne2+ any longer when the c4-knight leaves.}) 21. b4 $1 Be7 22. Nf3 $1 Nxf3+ 23.
Qxf3 Bxg5 $2 {Black was already getting into trouble, but this makes it easier
for White.} (23... Rxd1+ 24. Qxd1 O-O (24... Bxg5 $2 25. b5 $1 $18 {winning
the queen nicely}) 25. Qxh5 Bxg5 26. Qxg5 {h5 is a serious threat} Nd4 27. Qe3
Nf5 28. Qf4 $16 {with a clear advantage.}) 24. Rxd5 $1 $18 O-O (24... Bxc1 25.
Nd6+ $18 {wins right away}) (24... exd5 25. Nd6+ Kd7 26. Qxf7+ Be7 27. b5 $1
$18) 25. b5 $1 Qa4 26. hxg5 {This also wins, but} (26. Qd1 $3 {would have been
a nice finishing touch} Qxd1+ 27. Rdxd1 Bxc1 28. bxc6 {Threatening Rxc1 and c7
at the same time, forcing Black to resign} Bf4 (28... b5 29. c7 bxc4 30. Rd8
$18) 29. c7 $18 {followed by Rd8.}) 26... exd5 27. Qxd5 Rd8 28. Nd6 Qf4 29.
Qxf7+ $1 {Simplifying into a won endgame.} Qxf7 30. Nxf7 Kxf7 31. bxc6 Rc8 (
31... bxc6 32. Rxc6 $18 {is just hopeless.}) 32. c7 {The rest is simple.} b5
33. Rc6 a5 34. Kf1 Ke7 35. f4 Kd7 36. Rc5 Rxc7 37. Rxc7+ Kxc7 38. Ke2 $1 {
Controlling Black's pawns before anything.} Kc6 39. f5 Kd5 40. f6 Ke6 41. g6
gxf6 42. g7 Kf7 43. exf6 h4 44. Kd3 {Followed by Kd4 and Kc5, with a simple
win.} 1-0

[Event "Sao Paulo Freitas op 2nd"]
[Site "Sao Paulo"]
[Date "2016.04.17"]
[Round "5"]
[White "Supi, Luis Paulo"]
[Black "Mekhitarian, Krikor Sevag"]
[Result "1-0"]
[WhiteElo "2479"]
[BlackElo "2570"]
[PlyCount "69"]
[EventDate "2016.04.15"]
[EventType "swiss"]
[EventRounds "6"]
[EventCountry "BRA"]
[SourceTitle "CBM 171 Extra"]
[Source "ChessBase"]
[SourceDate "2016.04.26"]
[SourceVersion "1"]
[SourceVersionDate "2016.04.26"]
[SourceQuality "1"]

1. d4 Nf6 2. c4 e6 3. Nc3 Bb4 4. e3 O-O 5. Bd3 d5 6. cxd5 exd5 7. Nge2 Re8 8.
O-O Bd6 9. Ng3 c5 10. dxc5 Bxc5 11. b3 Nc6 12. Bb2 g6 13. Be2 Bf8 14. Bf3 Be6
15. Nce2 Bg7 16. Nf4 Qa5 17. Nge2 Rad8 18. Nd4 Ne5 19. Be2 Ne4 20. Qe1 Qb6 21.
Rc1 a6 22. Rc2 Qd6 23. Qa5 Rc8 24. Rfc1 Rxc2 25. Rxc2 Bf6 26. Qc7 Qxc7 27. Rxc7
Nd6 28. Ba3 Ne4 29. f3 Bd8 30. Nfxe6 fxe6 31. Rxb7 Nc3 32. Bxa6 Bf6 33. Rc7
Nxa2 34. Bc8 Bd8 35. Rc2 1-0

[Event "Sao Paulo Freitas op 2nd"]
[Site "Sao Paulo"]
[Date "2016.04.17"]
[Round "6"]
[White "Mekhitarian, Krikor Sevag"]
[Black "Matsuura, Everaldo"]
[Result "1/2-1/2"]
[WhiteElo "2570"]
[BlackElo "2501"]
[PlyCount "72"]
[EventDate "2016.04.15"]
[EventType "swiss"]
[EventRounds "6"]
[EventCountry "BRA"]
[SourceTitle "CBM 171 Extra"]
[Source "ChessBase"]
[SourceDate "2016.04.26"]
[SourceVersion "1"]
[SourceVersionDate "2016.04.26"]
[SourceQuality "1"]

1. e4 c5 2. Nf3 Nc6 3. Bb5 g6 4. O-O Bg7 5. Re1 Nf6 6. c3 O-O 7. h3 Qc7 8. d4
cxd4 9. cxd4 a6 10. Bf1 d5 11. e5 Ne4 12. Nc3 Nxc3 13. bxc3 Na5 14. Bg5 Re8 15.
Qd2 Bd7 16. Bh6 Rac8 17. Rac1 Bb5 18. Bxb5 axb5 19. e6 f6 20. Bxg7 Kxg7 21. Qb2
Nc4 22. Qxb5 Red8 23. Re2 Ra8 24. Ne1 Ra5 25. Qb1 Nd6 26. Nd3 Rda8 27. Qb3 Ra3
28. Qxd5 R8a5 29. Qf3 Rxc3 30. Qf4 Qc4 31. Rxc3 Qxc3 32. Nc5 Qa1+ 33. Kh2 Rxa2
34. Rxa2 Qxa2 35. Nxb7 Nxb7 36. Qc7 Qxe6 1/2-1/2

[Event "Maraba op 3rd"]
[Site "Maraba"]
[Date "2016.04.21"]
[Round "1"]
[White "Mekhitarian, Krikor Sevag"]
[Black "Mateus, Janete de Alcantara"]
[Result "1-0"]
[WhiteElo "2570"]
[BlackElo "1860"]
[PlyCount "59"]
[EventDate "2016.04.21"]
[EventType "swiss"]
[EventRounds "7"]
[EventCountry "BRA"]
[SourceTitle "CBM 172 Extra"]
[Source "ChessBase"]
[SourceDate "2016.06.21"]
[SourceVersion "1"]
[SourceVersionDate "2016.06.21"]
[SourceQuality "1"]

1. e4 d6 2. d4 Nf6 3. Nc3 g6 4. Be3 Bg7 5. Qd2 Nc6 6. f3 Bd7 7. O-O-O e5 8. d5
Ne7 9. g4 Nc8 10. Kb1 Nb6 11. h4 h5 12. g5 Ng8 13. b3 Qe7 14. a4 a6 15. Nge2
Qf8 16. Nc1 Ne7 17. Be2 f5 18. gxf6 Bxf6 19. Rdg1 Rg8 20. Nd3 Bc8 21. Bh6 Qf7
22. f4 Nd7 23. fxe5 Bxe5 24. Rf1 Qh7 25. Nxe5 Nxe5 26. Bg5 Bg4 27. Qd4 O-O-O
28. Qa7 Bxe2 29. Nxe2 Rdf8 30. Qa8+ 1-0

[Event "Maraba op 3rd"]
[Site "Maraba"]
[Date "2016.04.21"]
[Round "2"]
[White "Almeida, Antonio Carlos S"]
[Black "Mekhitarian, Krikor Sevag"]
[Result "0-1"]
[WhiteElo "1984"]
[BlackElo "2570"]
[PlyCount "88"]
[EventDate "2016.04.21"]
[EventType "swiss"]
[EventRounds "7"]
[EventCountry "BRA"]
[SourceTitle "CBM 172 Extra"]
[Source "ChessBase"]
[SourceDate "2016.06.21"]
[SourceVersion "1"]
[SourceVersionDate "2016.06.21"]
[SourceQuality "1"]

1. Nf3 d5 2. d4 Nf6 3. g3 g6 4. Bg2 Bg7 5. c4 dxc4 6. Na3 c3 7. bxc3 O-O 8. O-O
c5 9. Ne5 Nc6 10. Nxc6 bxc6 11. Bxc6 Rb8 12. Bf4 Rb6 13. Bg2 cxd4 14. cxd4 Ba6
15. Be5 Rb2 16. Re1 Qa5 17. Nc2 Rc8 18. Ne3 Bh6 19. Bxf6 exf6 20. Nd5 Rcc2 21.
Bf3 Kg7 22. a3 Rd2 23. Qc1 Rxe2 24. Qc3 Qxc3 25. Nxc3 Rxe1+ 26. Rxe1 Bd2 27.
Na4 Bxe1 28. Nxb2 Bc3 29. Nd1 Bxd4 30. Bc6 f5 31. Kg2 Kf6 32. f4 Ke7 33. Kf3
Kd6 34. Be8 Bc4 35. Ne3 Bb3 36. h3 Bb2 37. Bb5 Kc5 38. a4 Kb4 39. Bc6 Bd4 40.
g4 Bxe3 41. Kxe3 Bxa4 42. Bf3 Kc3 43. gxf5 gxf5 44. Bb7 a5 0-1

[Event "Maraba op 3rd"]
[Site "Maraba"]
[Date "2016.04.22"]
[Round "3"]
[White "Mekhitarian, Krikor Sevag"]
[Black "Veiga, Emerson de Sousa"]
[Result "1-0"]
[WhiteElo "2570"]
[BlackElo "2092"]
[PlyCount "35"]
[EventDate "2016.04.21"]
[EventType "swiss"]
[EventRounds "7"]
[EventCountry "BRA"]
[SourceTitle "CBM 172 Extra"]
[Source "ChessBase"]
[SourceDate "2016.06.21"]
[SourceVersion "1"]
[SourceVersionDate "2016.06.21"]
[SourceQuality "1"]

1. c4 Nf6 2. Nc3 e6 3. e4 c5 4. f4 d6 5. Nf3 Nc6 6. d4 cxd4 7. Nxd4 Be7 8. Be2
Qb6 9. Nc2 a6 10. Be3 Qc7 11. O-O O-O 12. Rc1 b6 13. g4 Bb7 14. g5 Nd7 15. Qe1
Rae8 16. Qh4 f6 17. Bg4 Bd8 18. Qh3 1-0

[Event "Maraba op 3rd"]
[Site "Maraba"]
[Date "2016.04.22"]
[Round "4"]
[White "Moraes, Nelson da Silva"]
[Black "Mekhitarian, Krikor Sevag"]
[Result "0-1"]
[WhiteElo "2214"]
[BlackElo "2570"]
[PlyCount "84"]
[EventDate "2016.04.21"]
[EventType "swiss"]
[EventRounds "7"]
[EventCountry "BRA"]
[SourceTitle "CBM 172 Extra"]
[Source "ChessBase"]
[SourceDate "2016.06.21"]
[SourceVersion "1"]
[SourceVersionDate "2016.06.21"]
[SourceQuality "1"]

1. e4 c5 2. c3 Nf6 3. e5 Nd5 4. Bc4 Nb6 5. Bb3 c4 6. Bc2 Nc6 7. Nf3 d5 8. exd6
e5 9. d4 cxd3 10. Qxd3 Qxd6 11. O-O Be6 12. Nbd2 Qxd3 13. Bxd3 O-O-O 14. Bb5 f6
15. b3 Be7 16. Bb2 a6 17. Bxc6 bxc6 18. c4 Bf5 19. Bc3 Rd3 20. Ba5 Kb7 21. Rae1
Nd7 22. Ne4 Nf8 23. Nh4 Bxe4 24. Rxe4 Ne6 25. Nf3 Bd6 26. Rc1 Bc7 27. Bc3 Rhd8
28. Ree1 c5 29. Kf1 Kc6 30. Re3 Rxe3 31. fxe3 e4 32. Nd2 f5 33. g3 h5 34. Ke2
g6 35. Bf6 Rd7 36. Nb1 Rf7 37. Ba1 Ng5 38. Nc3 Nf3 39. Rh1 h4 40. Nd5 h3 41.
Bc3 Bd6 42. Bf6 g5 0-1

[Event "Maraba op 3rd"]
[Site "Maraba"]
[Date "2016.04.23"]
[Round "5"]
[White "Mekhitarian, Krikor Sevag"]
[Black "Perdomo, Leandro Daniel"]
[Result "0-1"]
[WhiteElo "2570"]
[BlackElo "2440"]
[PlyCount "86"]
[EventDate "2016.04.21"]
[EventType "swiss"]
[EventRounds "7"]
[EventCountry "BRA"]
[SourceTitle "CBM 172 Extra"]
[Source "ChessBase"]
[SourceDate "2016.06.21"]
[SourceVersion "1"]
[SourceVersionDate "2016.06.21"]
[SourceQuality "1"]

1. d4 Nf6 2. c4 g6 3. Nc3 Bg7 4. e4 d6 5. Nf3 O-O 6. Be2 e5 7. d5 a5 8. Bg5 Na6
9. Nd2 h6 10. Be3 Nh7 11. a3 f5 12. f3 f4 13. Bf2 Qg5 14. Bf1 Bd7 15. Rb1 c5
16. dxc6 bxc6 17. Nb3 Qe7 18. Nxa5 Nc5 19. b4 Ne6 20. Bd3 Nd4 21. Ne2 c5 22.
Nc3 Nf6 23. Rb2 Rfb8 24. Qb1 g5 25. h3 Qd8 26. Kf1 Qb6 27. Bxd4 exd4 28. Nb5 d5
29. e5 Nh5 30. Kf2 Bxb5 31. cxb5 c4 32. Nc6 Rb7 33. Re1 cxd3 34. Qxd3 Rxa3 35.
Qxd4 Qxb5 36. Rc2 Rd3 37. Qa1 Qb6+ 38. Rc5 Bf8 39. Rec1 Rc7 40. e6 Rxc6 41. e7
Bxe7 42. Qa8+ Kg7 43. Qa1+ Nf6 0-1

[Event "Maraba op 3rd"]
[Site "Maraba"]
[Date "2016.04.23"]
[Round "6"]
[White "Rodi, Luis Ernesto"]
[Black "Mekhitarian, Krikor Sevag"]
[Result "0-1"]
[WhiteElo "2344"]
[BlackElo "2570"]
[PlyCount "58"]
[EventDate "2016.04.21"]
[EventType "swiss"]
[EventRounds "7"]
[EventCountry "BRA"]
[SourceTitle "CBM 172 Extra"]
[Source "ChessBase"]
[SourceDate "2016.06.21"]
[SourceVersion "1"]
[SourceVersionDate "2016.06.21"]
[SourceQuality "1"]

1. e4 c5 2. Nf3 d6 3. Bb5+ Nd7 4. d4 cxd4 5. Qxd4 a6 6. Bxd7+ Bxd7 7. c4 e5 8.
Qd3 b5 9. Nc3 bxc4 10. Qxc4 h6 11. Nd5 Rc8 12. Qxa6 Nf6 13. Nxf6+ Qxf6 14. O-O
Be7 15. Qd3 O-O 16. Bd2 Rb8 17. Rfb1 Qe6 18. a3 f5 19. b4 fxe4 20. Qxe4 Bf6 21.
b5 d5 22. Qb4 d4 23. Re1 Qf5 24. Rac1 Rbc8 25. Qd6 e4 26. Nxd4 Qxf2+ 27. Kh1
Rxc1 28. Qd5+ Kh8 29. Rxc1 Bxd4 0-1

[Event "Maraba op 3rd"]
[Site "Maraba"]
[Date "2016.04.24"]
[Round "7"]
[White "Mekhitarian, Krikor Sevag"]
[Black "Lima Jr, Newton Celio Goncal"]
[Result "1-0"]
[WhiteElo "2570"]
[BlackElo "1823"]
[PlyCount "51"]
[EventDate "2016.04.21"]
[EventType "swiss"]
[EventRounds "7"]
[EventCountry "BRA"]
[SourceTitle "CBM 172 Extra"]
[Source "ChessBase"]
[SourceDate "2016.06.21"]
[SourceVersion "1"]
[SourceVersionDate "2016.06.21"]
[SourceQuality "1"]

1. e4 c6 2. d4 d5 3. e5 Bf5 4. h4 h5 5. Bd3 Bxd3 6. Qxd3 e6 7. Bg5 Qb6 8. Nd2
c5 9. c4 Ne7 10. Ngf3 Nbc6 11. O-O Nxd4 12. Nxd4 cxd4 13. Rac1 Nc6 14. cxd5 Nb4
15. Qb3 exd5 16. a3 Nc6 17. Qxd5 Be7 18. Nc4 Qc7 19. Nd6+ Bxd6 20. exd6 Qd7 21.
Rfe1+ Kf8 22. b4 a6 23. Bd2 Rd8 24. a4 Kg8 25. b5 Qxd6 26. Re8+ 1-0

[Event "Tres Barras Catarinense-ch"]
[Site "Tres Barras"]
[Date "2016.06.23"]
[Round "1"]
[White "Mekhitarian, Krikor Sevag"]
[Black "Polonisky, Jhonattan"]
[Result "1-0"]
[WhiteElo "2569"]
[BlackElo "1684"]
[PlyCount "49"]
[EventDate "2016.06.23"]
[EventType "swiss"]
[EventRounds "7"]
[EventCountry "BRA"]
[SourceTitle "EXT 2017"]
[Source "ChessBase"]
[SourceDate "2016.10.25"]
[SourceVersion "1"]
[SourceVersionDate "2016.10.25"]
[SourceQuality "1"]

1. e4 b6 2. d4 Bb7 3. Bd3 e6 4. Nf3 Be7 5. Qe2 Qc8 6. O-O Ba6 7. c4 Qd8 8. Nc3
h6 9. d5 Bg5 10. Nxg5 hxg5 11. Qg4 Rh4 12. Qg3 f6 13. f4 Qe7 14. fxg5 Rh8 15.
gxf6 gxf6 16. e5 f5 17. Qg6+ Qf7 18. Qxf7+ Kxf7 19. g4 Rh3 20. Be2 Bb7 21. gxf5
Na6 22. fxe6+ Ke7 23. Bg5+ Nf6 24. Rxf6 Rg8 25. Rg6+ 1-0

[Event "Tres Barras Catarinense-ch"]
[Site "Tres Barras"]
[Date "2016.06.24"]
[Round "2"]
[White "Lemos, Dawton Almino"]
[Black "Mekhitarian, Krikor Sevag"]
[Result "1-0"]
[WhiteElo "2220"]
[BlackElo "2569"]
[PlyCount "65"]
[EventDate "2016.06.23"]
[EventType "swiss"]
[EventRounds "7"]
[EventCountry "BRA"]
[SourceTitle "EXT 2017"]
[Source "ChessBase"]
[SourceDate "2016.10.25"]
[SourceVersion "1"]
[SourceVersionDate "2016.10.25"]
[SourceQuality "1"]

1. e4 c5 2. Nf3 e6 3. d3 Nc6 4. g3 d5 5. Nbd2 Nf6 6. Bg2 g6 7. O-O Bg7 8. exd5
Nxd5 9. Nb3 b6 10. d4 c4 11. Nbd2 c3 12. Ne4 Ba6 13. Re1 cxb2 14. Bxb2 O-O 15.
Ne5 Qc7 16. Rc1 Rad8 17. c4 Ndb4 18. Nxc6 Nxc6 19. Qa4 Na5 20. Ba3 Bxd4 21.
Bxf8 Kxf8 22. Qa3+ Kg7 23. c5 Qe7 24. Red1 e5 25. Qa4 f5 26. cxb6 axb6 27. Nc3
Bxf2+ 28. Kh1 Rxd1+ 29. Rxd1 Bd4 30. Nd5 Qe6 31. Nc7 Qc4 32. Qd7+ Kh6 33. Ne6
1-0

[Event "Tres Barras Catarinense-ch"]
[Site "Tres Barras"]
[Date "2016.06.24"]
[Round "3"]
[White "Mekhitarian, Krikor Sevag"]
[Black "Moraes, Maurino Anastacio"]
[Result "1-0"]
[WhiteElo "2569"]
[BlackElo "1602"]
[PlyCount "67"]
[EventDate "2016.06.23"]
[EventType "swiss"]
[EventRounds "7"]
[EventCountry "BRA"]
[SourceTitle "EXT 2017"]
[Source "ChessBase"]
[SourceDate "2016.10.25"]
[SourceVersion "1"]
[SourceVersionDate "2016.10.25"]
[SourceQuality "1"]

1. e4 c6 2. d4 d6 3. f4 Nf6 4. e5 dxe5 5. fxe5 Nd5 6. c4 Nb6 7. Nc3 g6 8. Nf3
Bg7 9. Be3 Na6 10. Be2 Nc7 11. Qd2 Be6 12. b3 Qd7 13. a4 f6 14. a5 Nc8 15. O-O
O-O 16. Rad1 Rd8 17. Bh6 Bh8 18. Ne4 b6 19. h3 Bf5 20. Qe3 Qe8 21. g4 Bxe4 22.
Qxe4 e6 23. exf6 Bxf6 24. Ne5 Nd6 25. Qxc6 Qxc6 26. Nxc6 Bg7 27. Bxg7 Kxg7 28.
Nxd8 Rxd8 29. axb6 axb6 30. Ra1 Ne4 31. Ra7 Rd7 32. Re1 Rf7 33. Rb7 b5 34. cxb5
1-0

[Event "Tres Barras Catarinense-ch"]
[Site "Tres Barras"]
[Date "2016.06.25"]
[Round "4"]
[White "De Borba, Gabriel"]
[Black "Mekhitarian, Krikor Sevag"]
[Result "1-0"]
[WhiteElo "1898"]
[BlackElo "2569"]
[PlyCount "125"]
[EventDate "2016.06.23"]
[EventType "swiss"]
[EventRounds "7"]
[EventCountry "BRA"]
[SourceTitle "EXT 2017"]
[Source "ChessBase"]
[SourceDate "2016.10.25"]
[SourceVersion "1"]
[SourceVersionDate "2016.10.25"]
[SourceQuality "1"]

1. e4 c5 2. Nf3 e6 3. d4 cxd4 4. Nxd4 Nc6 5. Nb5 d6 6. c4 a6 7. N5a3 Nf6 8. Nc3
Be7 9. Be2 b6 10. O-O Bb7 11. f4 O-O 12. Be3 Rc8 13. Bf3 Nd7 14. Rc1 Re8 15.
Qe2 Nb4 16. Rfd1 Qc7 17. b3 Nc5 18. Nc2 Nxc2 19. Rxc2 Bf6 20. Bf2 Red8 21. g4
g6 22. h4 Qb8 23. b4 Nd7 24. Rdc1 Qc7 25. Na4 Bc6 26. Nb2 a5 27. b5 Bb7 28. Na4
e5 29. g5 Bg7 30. f5 gxf5 31. exf5 e4 32. Bg4 e3 33. Qxe3 Re8 34. Qh3 Nc5 35.
Nxc5 dxc5 36. f6 Bf8 37. Bxc8 Bxc8 38. Bg3 Bd6 39. Bxd6 Qxd6 40. Qg2 Qd4+ 41.
Rf2 Re4 42. Qf3 Re3 43. Qd5 Rg3+ 44. Kh1 Rh3+ 45. Rh2 Rxh2+ 46. Kxh2 Qf2+ 47.
Kh1 Qxh4+ 48. Kg2 Qh3+ 49. Kf2 Qh2+ 50. Ke3 Qg3+ 51. Kd2 Qf4+ 52. Kc2 Bf5+ 53.
Kb2 h5 54. gxh6 Bg6 55. h7+ Kh8 56. Qd8+ Kxh7 57. Rh1+ Bh5 58. Rxh5+ Kg6 59.
Qd5 Qf2+ 60. Ka3 Qf4 61. Rh1 Qg3+ 62. Kb2 Qf2+ 63. Kb1 1-0

[Event "Tres Barras Catarinense-ch"]
[Site "Tres Barras"]
[Date "2016.06.25"]
[Round "5"]
[White "Mekhitarian, Krikor Sevag"]
[Black "Straubell, Sergio Silveira"]
[Result "1-0"]
[WhiteElo "2569"]
[BlackElo "1744"]
[PlyCount "65"]
[EventDate "2016.06.23"]
[EventType "swiss"]
[EventRounds "7"]
[EventCountry "BRA"]
[SourceTitle "EXT 2017"]
[Source "ChessBase"]
[SourceDate "2016.10.25"]
[SourceVersion "1"]
[SourceVersionDate "2016.10.25"]
[SourceQuality "1"]

1. e4 c6 2. d4 d5 3. e5 Bf5 4. h4 e6 5. g4 Be4 6. f3 Be7 7. fxe4 Bxh4+ 8. Ke2
Bg5 9. exd5 Bxc1 10. Qxc1 Qxd5 11. Nf3 Qe4+ 12. Kf2 Nh6 13. Bd3 Qd5 14. Qg5 Kf8
15. Nc3 Qd7 16. Rxh6 gxh6 17. Qxh6+ Ke8 18. Qg7 Rf8 19. Ne4 Qe7 20. Nf6+ Kd8
21. Nxh7 Nd7 22. Nxf8 Nxf8 23. Qf6 Nd7 24. Qxe7+ Kxe7 25. Rh1 Rg8 26. g5 Nb6
27. Rh7 Kf8 28. g6 Rg7 29. Ng5 Nd5 30. Rh8+ Ke7 31. gxf7 Rxf7+ 32. Nxf7 Kxf7
33. Kf3 1-0

[Event "Tres Barras Catarinense-ch"]
[Site "Tres Barras"]
[Date "2016.06.26"]
[Round "6"]
[White "Furmam, Fernando Gustavo"]
[Black "Mekhitarian, Krikor Sevag"]
[Result "0-1"]
[WhiteElo "1699"]
[BlackElo "2569"]
[PlyCount "44"]
[EventDate "2016.06.23"]
[EventType "swiss"]
[EventRounds "7"]
[EventCountry "BRA"]
[SourceTitle "EXT 2017"]
[Source "ChessBase"]
[SourceDate "2016.10.25"]
[SourceVersion "1"]
[SourceVersionDate "2016.10.25"]
[SourceQuality "1"]

1. d4 Nf6 2. c4 g6 3. Nc3 d5 4. Bf4 Bg7 5. Nf3 O-O 6. e3 c5 7. Be2 cxd4 8. Nxd4
Ne4 9. Ndb5 e5 10. Bg3 Nxg3 11. hxg3 a6 12. Na3 d4 13. exd4 exd4 14. Nd5 Nc6
15. Qd2 Re8 16. O-O-O b5 17. Bf3 Rb8 18. cxb5 axb5 19. Qf4 Be6 20. Qe4 Rc8 21.
Kd2 Bxd5 22. Qxd5 Qa5+ 0-1